000 00292nam a2200121Ia 4500
008 190723s9999 xx 000 0 und d
020 _a978-81-265-5038-8
100 _aDean Abbott
245 0 _aApplied Predictive Analytics
260 _aIndiana
_bWiley
_c2014
300 _a427.:p
942 _cBK
999 _c1607
_d1607